000 00320nam a2200133Ia 4500
008 150201s1996 xx 000 0 und d
082 _a610.73678
_bM96R
100 _aROLLAND , POULETTE D.
245 _aMATERNITY NURSING
260 _bMOSBY
_aINDIA
_c1996
300 _a527
650 _aOBST. & GYNEA.
942 _2ddc
_cBK
999 _c2048
_d2048